| 000 | 00787nam a2200241 a 4500 | ||
|---|---|---|---|
| 001 | 65717 | ||
| 003 | BD-RjUL | ||
| 005 | 20211209081445.0 | ||
| 008 | 170309s1961 be a 000 0 eng d | ||
| 035 | _a(BD-RjUL)65847 | ||
| 040 |
_aDLC _cUTL _dBD-RjUL _beng |
||
| 041 | _aeng | ||
| 082 |
_223 _a965 _bBEL 1961 |
||
| 100 | 1 |
_aBedjaoui, Mohammed _9194338 |
|
| 245 | 1 | 0 |
_aLaw and the Algerian Revolution / _cMohammed Bedjaoui ; Pref. by Peirre Cot |
| 260 |
_aBelgium : _bBrussels, _c1961. |
||
| 300 |
_a260 p. : _bill. ; _c24 cm. |
||
| 490 | 0 | _aPublications of the International Association of Democratic Lawyers | |
| 651 | 0 |
_aAlgeria _9194339 |
|
| 700 |
_aCot, Peirre _9194340 |
||
| 830 |
_aPublications of the International Association of Democratic Lawyers _9194342 |
||
| 942 |
_2ddc _cBK |
||
| 999 |
_c65717 _d65717 |
||